| 000 | 00456nam a2200157 a 4500 | ||
|---|---|---|---|
| 001 | 000030749 | ||
| 005 | 20200930062504.0 | ||
| 008 | 110527s2008 dr 000 0 spa d | ||
| 040 |
_aDO-SdBNP _bspa _cBNPHU |
||
| 082 |
_axxxx _bR426r |
||
| 110 | 1 |
_aRepública Dominicana. _bSuprema Corte de Justicia _97906 |
|
| 245 | 1 | 0 |
_aReforma Constitucional : _bpoder judicial. |
| 260 |
_aSanto Domingo : _bMargraf, _c2008. |
||
| 300 |
_a43 p. ; _c27 cm. |
||
| 049 | _aBNPD | ||
| 999 |
_c30241 _d30241 |
||